Responses for show #8423 - Wednesday, June 16, 2021

Champion's winnings & consolation amounts matched to The Bowery Mission.

Contestants

[<< previous game]

Sarah Reza, a museum program manager from Hyattsville, Maryland

Evan Williams, an associate broker from North Hollywood, California

Katie Sekelsky, a graphic designer from Kent, Ohio (whose 3-day cash winnings total $35,899)

[next game >>]

Jeopardy! Round responses

FAWKES & FRIENDS
SCIENTISTS
ODD STATE FACTS
NOT QUITE STUPID ANSWERS
THE COMICS
IN THE MI"DD"LE
(Savannah: The letters "DD" will be found in the exact middle of each response.)
    $200 24
(the) Gunpowder (Plot)

Katie
    $200 1
(Sarah: What are cataracts?)

colorblindness

KatieSarah
    $200 11
New Mexico

Katie
    $200 21
Smithson

Evan
    $200 6
Swine

Evan
    $200 16
waddle

Katie
    $400 25
Parliament

Sarah
    $400 2
the compass

Evan
    $400 12
Maine

Evan
    $400 22
magnesium

Sarah
    $400 7
The Far Side

Katie
    $400 17
caddie

Katie
    $600 26
James I

Evan
    $1,000 3
Celsius

Evan
    $600 13
bourbon

Katie
    $600 23
alert

Katie
    $600 8
Garfield

Sarah
    $600 18
a riddle

Evan
    $800 27
confession

Katie
    $800 4
hydrogen

Evan
    $800 14
a razorback

Sarah
    $800 29
(Savannah: Correct, well said, well pronounced.)

Deus ex Machina

Katie
    $800 9
Nancy

Katie
    $800 19
fodder

Evan
    $1000 28
the Tower of London

Sarah
    $1000 5
(Katie: What are sound waves?)

electromagnetic waves

Katie
Triple Stumper
    $1000 15
Illinois

Katie
    $1000 30
(Evan: What is glycerine?)

nitroglycerin

Evan
Triple Stumper
    $1000 10
Mutts

Triple Stumper
    $1000 20
coddle

Sarah

Scores at the first commercial break (after clue 15):

Katie Evan Sarah
$2,200 $2,800 $1,200

Scores at the end of the Jeopardy! Round:

Katie Evan Sarah
$5,200 $4,000 $4,000

Double Jeopardy! Round responses

DEAR DIARY
COUNTRY NAME ORIGINS
DESERT ISLAND READS
TOUGH VOCABULARY
TWINS & TRIPLETS
POP MUSIC
    $400 4
Stalin

Sarah
    $400 3
(Sarah: What is, uh, Kathmandu?)

Egypt

Sarah
Triple Stumper
    $400 12
Jules Verne

Evan
    $400 1
the flood

Katie
    $400 19
fraternal twins

Sarah
    $400 21
"Father Figure"

Katie
    $800 5
Darwin

Katie
    $800 15
Japan

Evan
    $800 13
Lord of the Flies

Katie
    $800 27
a gourmand

Evan
    $800 20
in vitro fertilization

Katie
    $800 2
a rolling stone

Sarah
    $1200 9
basketball

Sarah
    $4,000 16
(Evan: What is Panama?)

Nicaragua

Evan
    $3,000 14
Defoe

Katie
    $1200 28
largesse

Triple Stumper
    $1200 24
Pharrell

Evan
    $1200 6
dance

Katie
    $1600 10
(Katie: Who is Defoe?)

Samuel Pepys

Katie
Triple Stumper
    $1600 17
(Savannah: Yes, for Simón Bolívar.)

Bolivia

Sarah
    $1600 22
Treasure Island

Evan
    $1600 30
eurythmics

Katie
    $1600 25
diabetes

Sarah
    $1600 7
(Savannah: It brings back the memories of the '80s, doesn't it?)

"Papa Don't Preach"

Sarah
    $2000 11
Anais Nin

Triple Stumper
    $2000 18
(Evan: What is Estonia?)

Austria

Evan
Triple Stumper
    $2000 23
The Black Stallion

Triple Stumper
    $2000 29
volumetric

Evan
    $2000 26
Chang & Eng

Katie
    $2000 8
"Cat's In The Cradle"

Katie

Scores at the end of the Double Jeopardy! Round:

Katie Evan Sarah
$16,600 $4,800 $11,200

[wagering suggestions for these scores]

Final Jeopardy! Round responses

MOVIE CHARACTERS
(Savannah: In Toy Story, he was named after the astronaut, Buzz Aldrin.)
...
(Savannah: Who is Osmosis Jones? I think we all want to know the answer to that question.)
[Laughter]
EvanWho is Buzz Lightyear?
$4,800
SarahWho is Buzz Lightyear?
$1,601
KatieWho Osmosis Jones?
$5,801
Buzz Lightyear

Final scores:

Katie Evan Sarah
$10,799 $9,600 $12,801
2nd place: $2,000 3rd place: $1,000 New champion: $12,801

Game dynamics:

Coryat scores:

Katie Evan Sarah
$14,800 $8,400 $11,200
22 R
(including 1 DD),
2 W
15 R
(including 1 DD),
3 W
(including 1 DD)
13 R,
2 W

Combined Coryat: $34,400

The J! Archive is created by fans, for fans. The Jeopardy! game show and all elements thereof, including but not limited to copyright and trademark thereto, are the property of Jeopardy Productions, Inc. and are protected under law. This website is not affiliated with, sponsored by, or operated by Jeopardy Productions, Inc. Join the discussion at JBoard.tv.